Narradores del Cibao 1828 -1924 / (Registro nro. 13497)
[ vista simple ]
| 000 -LIDER | |
|---|---|
| fixed length control field | 01869nam a22002537a 4500 |
| 003 - IDENTIFICACDOR DE NÚMERO DE CONTROL | |
| control field | DO-SdBNP |
| 005 - DATE AND TIME OF LATEST TRANSACTION | |
| control field | 20210514131459.0 |
| 008 - ELEMENTOS DE LONGITUD FIJA | |
| fixed length control field | 2018 dr|||| 00| 0 spa d |
| 020 ## - ISBN | |
| International Standard Book Number | 9789945503456 |
| 040 ## - FUENTE DE CATALOGACIÓN | |
| Agencia que crea de manera original el registro | BPMSU |
| Idioma de catalogación | spa |
| Agencia que realiza la transcripción | BPMSU |
| 082 ## - NÚMERO DE CLASIFICACIÓN DECIMAL DE DEWEY | |
| Classification number | RD863.4408 |
| Item number | N234c 2018 |
| Edition number | 22 |
| 245 10 - MENCIÓN DE TITULO | |
| Título | Narradores del Cibao 1828 -1924 / |
| Mención de responsabilidad | Selección y Prólogo de José Enrique García / |
| 260 ## - PUBLICACIÓN, DISTRIBUCIÓN, ETC. (PIE DE IMPRENTA) | |
| Lugar de publicación, distribución, etc | Santo Domingo : |
| Nombre del editor, distribuidor, etc. | Editora Nacional; |
| -- | Ministerio de Cultura, |
| Fecha de publicación, distribución, etc | 2018. |
| 300 ## - DESCRIPCIÓN FÍSICA | |
| Extensión | 222 p. , |
| Dimensiones | 23 cm. |
| 490 0# - MENCIÓN DE SERIES | |
| Mención de serie | Homenaje; |
| -- | Narrativa |
| 505 0# - NOTA DE CONTENIDO | |
| Texto normalizado de contenido | -- indice -- Prólogo -- José Enrique García -- Pedro Francisco Bonó (1828 - 1906 ) -- En el cantón de Bermejo -- Federico García Godoy (1828 - 1924 ) -- La cita -- José Ramón López (1866 - 1922 ) -- Al podre no lo llaman para cosa buena -- El general Fico -- Virginia Elena Ortea (1866 - 1903 ) -- La mala madrastra -- Ramón Emilio Jiménez ( 1866 -1970 ) -- un baecista con Lilís -- Una comisión de notable ante Lilís -- Julio Vega Batle (1899 -1973 ) -- El pavo real -- El tren no Expreso -- Augustín Ayban (1902 - 1956 ) Sor de moca --b Tomás Hernández Franco (1904 -1952 ) La última aventura de charlot -- Anselma y Malena -- Manuel del Cabral (1907 -1999 ) El antojo -- El centavo -- Juan Bosch ( 1909 - 2001 ) -- Guaraguaos -- La verdad -- Hilma Contreras ( 1913- 2006 ) La Carnada -- La virgen del aljibe -- Aída Cartagena Portalatía (1918 - 1994) -- La llamaban Aurora -- La fuerza aniquilada -- Manuel Rueda (1921 - 1999 ) De hombre y gallos -- Autobiografía -- Virgilio Díaz Grullón (1924 -2001) -- Dos peso para Cirilo -- Un epitafio para don Justo.<br/> |
| 590 ## - NOTA LOCAL | |
| Enlace | inventariado, 2021/VM |
| 650 #4 - ENCABEZAMIENTO DE MATERIA--TEMÁTICO | |
| Término temático o nombre geográfico como elemento de entrada | Cuentos dominicanos |
| 650 #4 - ENCABEZAMIENTO DE MATERIA--TEMÁTICO | |
| Término temático o nombre geográfico como elemento de entrada | Literatura dominicana |
| 650 #4 - ENCABEZAMIENTO DE MATERIA--TEMÁTICO | |
| Término temático o nombre geográfico como elemento de entrada | Autores dominicanos |
| Subdivisión cronológica | Siglo XX |
| 700 1# - ASIENTO SECUNDARIO -- NOMBRE PERSONAL | |
| Nombre personal | Enrique García, José |
| Mención de responsabilidad | comp. |
| 910 ## - VALIDACIÓN | |
| Validación | Mcabrera |
| 942 ## - ADDED ENTRY ELEMENTS (KOHA) | |
| Source of classification or shelving scheme | Dewey Decimal Classification |
| Koha item type | Libros |
| Withdrawn status | Lost status | Source of classification or shelving scheme | Damaged status | Not for loan | Collection code | Home library | Current library | Date acquired | Source of acquisition | Full call number | Barcode | Date last seen | Price effective from | Koha item type | Coded location qualifier | Copy number |
|---|---|---|---|---|---|---|---|---|---|---|---|---|---|---|---|---|
| Dewey Decimal Classification | Colección Dominicana | Biblioteca Pública Metropolitana Salomé Ureña | Biblioteca Pública Metropolitana Salomé Ureña | 05/14/2021 | Editora Nacional | BPMDU CD RD863.4408 N234c 2018 | BPMSU21050084 | 05/14/2021 | 05/14/2021 | Libros | ||||||
| Dewey Decimal Classification | Colección Dominicana | Biblioteca Pública Metropolitana Salomé Ureña | Biblioteca Pública Metropolitana Salomé Ureña | 05/14/2021 | Editora Nacional | BPMDU CD RD863.4408 N234c 2018 | BPMSU21050085 | 05/14/2021 | 05/14/2021 | Libros | e.2 | |||||
| Dewey Decimal Classification | Colección Dominicana | Biblioteca Pública Metropolitana Salomé Ureña | Biblioteca Pública Metropolitana Salomé Ureña | 05/14/2021 | Editora Nacional | BPMDU CD RD863.4408 N234c 2018 | BPMSU21050086 | 05/14/2021 | 05/14/2021 | Libros | e.3 |